कुँ वरनी (Record no. 436825)

MARC details
000 -LEADER
fixed length control field 00420nam a2200157Ia 4500
008 - FIXED-LENGTH DATA ELEMENTS--GENERAL INFORMATION
fixed length control field 100122s9999 xx 000 0 und d
082 ## - DEWEY DECIMAL CLASSIFICATION NUMBER
Item number 62459
Classification number 823
100 ## - MAIN ENTRY--PERSONAL NAME
Personal name देवधर ज्योत्स्ना
245 ## - TITLE STATEMENT
Title कुँ वरनी
250 ## - EDITION STATEMENT
Edition statement 3
260 ## - PUBLICATION, DISTRIBUTION, ETC. (IMPRINT)
Name of publisher, distributor, etc मंगलदीप
Date of publication, distribution, etc 2002
300 ## - PHYSICAL DESCRIPTION
Extent 166
630 ## - SUBJECT ADDED ENTRY--UNIFORM TITLE
Uniform title कुँ वरनी
730 ## - ADDED ENTRY--UNIFORM TITLE
Uniform title कुँ वरनी
942 ## - ADDED ENTRY ELEMENTS (KOHA)
Koha item type Book
Holdings
Withdrawn status Lost status Damaged status Not for loan Home library Current library Date acquired Cost, normal purchase price Total Checkouts Full call number Barcode Date last seen Cost, replacement price Price effective from Koha item type Public note
        S.V. Pathak Library, Vile Parle S.V. Pathak Library, Vile Parle 12/26/2002 135.00   62459 SVPPARLE-62459 01/25/2010 135.00 01/25/2010 Book General NA